=LDR 00000nam 2200000 4500 =001 INLIS000000000028026 =005 20130612130347 =008 ***********************************ind** =035 ##$$0010-061300000028026 =041 ##$$a ind =082 ##$$a 751.4 =090 ##$$a 751.4, HAM p =100 ##$$a Hambor, Rahman Rohim =245 ##$$a Panduan dasar melukis dengan cat minyak, Rahman Rohim Hambor; penyunting, Fuad Izzudin =260 ##$$a 2005 $b Jakarta =300 ##$$a 48 hlm., ilus., 28 cm =650 ##$$a Seni Melukis =650 ##$$a Teknik =700 ##$$a Izzudin, Fuad =850 ##$$a NBPNMAT